• 首页
  • 本馆介绍
  • 公告通知
  • 最新文献
  • 馆藏检索
  • 电子资源
  • 读者导购
  • 参考咨询
  • 我的图书馆
  • 登录
  • 详细信息显示
  • 放入我的书架
  • 预约/预借图书
  • 作者相关作品
  • 分类相关作品
  • 丛书相关作品
  • 出版社相关作品

书目信息

  • 表格格式
  • 工作单格式
  • 卡片格式
题名:
时间,快与慢
    
 
作者: 维特曼 著 ;陈惠雯 , 任扬 译
分册:  
出版信息: 北京   文化发展出版社  2017
页数: 228页
开本: 21cm
丛书名:
单 册:
中图分类: C935-49
科图分类:
主题词: 时间--shi jian--管理--通俗读物
电子资源:
ISBN: 978-7-5142-1514-4
000 01118nam0 22002771 450
001 0102164918
005 20170502164918.0
010    @a978-7-5142-1514-4@dCNY36.80
100    @a20170119d2017 em y0chiy50 ea
101 1  @achi@cger
102    @aCN@b110000
105    @aa z 000yy
106    @ar
200 1  @a时间,快与慢@9shi jian kuai yu man@dGefuhlte zeit kleine psychologie des zeitempfindens@f(德)马克·维特曼著@g陈惠雯,任扬译@zger
210    @a北京@c文化发展出版社@d2017
215    @a228页@c图@d21cm
300    @a黑天鹅图书
330    @a本书作者维特曼教授凭借心理学和神经科学的最新见解,探讨了主观时间之谜,解释了我们感知的时间,包括每时每刻的时间与整个人生。同时,维特曼教授还分析了时间为什么会加速、我们的成长与时间的关系、时间和意识之间的联系等。
510 1  @aGefuhlte zeit kleine psychologie des zeitempfindens@zger
606 0  @a时间@9shi jian@x管理@j通俗读物
690    @aC935-49@v5
701  0 @c(德)@a维特曼@9wei te man@c(Wittmann, Marc)@4著
702  0 @a陈惠雯@9chen hui wen@4译
702  0 @a任扬@9ren yang@4译
801  0 @aCN@b百万庄@c20170308
905    @b1002820-5@dC935-49@e571@f6
    
    时间,快与慢=Gefuhlte zeit kleine psychologie des zeitempfindens/(德)马克·维特曼著/陈惠雯,任扬译.-北京:文化发展出版社,2017
    228页:图;21cm
    黑天鹅图书
    
    ISBN 978-7-5142-1514-4:CNY36.80
    本书作者维特曼教授凭借心理学和神经科学的最新见解,探讨了主观时间之谜,解释了我们感知的时间,包括每时每刻的时间与整个人生。同时,维特曼教授还分析了时间为什么会加速、我们的成长与时间的关系、时间和意识之间的联系等。
●
相关链接 在E读中查询图书 在五车中查询图书 在当当中查询图书 在豆瓣中查询图书


正题名:时间,快与慢     索取号:C935-49/571         预约/预借

序号 登录号 条形码 馆藏地/架位号 状态 备注
1 1002820   210028209   第一样本阅览室/ [索取号:C935-49/571] 在馆    
2 1002821   210028218   教育系资料室/ [索取号:C935-49/571] 在馆    
3 1002822   210028227   教育系资料室/ [索取号:C935-49/571] 在馆    
4 1002823   210028236   教育系资料室/ [索取号:C935-49/571] 在馆    
5 1002824   210028245   第一借阅区/ [索取号:C935-49/571] 在馆    
6 1002825   210028254   第一借阅区/ [索取号:C935-49/571] 在馆    
唐山师范学院图书馆 欢迎您!
大连网信软件有限公司© 版权所有